Statistiques concernant Expression avec nom de lieu géographique. Clique

Cliquez ici pour prendre le quiz!

Statistiques générales

  • Ce quiz a été pris 567 fois
  • Le résultat moyen est 11 sur 17

Statistiques - réponses

HintRéponse% Correct
Le téléphone...Arabe
94%
La roulette...Russe
94%
Impossible n’est pas...Français
88%
Se mettre en file...Indienne
85%
C'est du...Chinois
71%
Un coup de...Trafalgar
70%
Une ... de légumes ou de fruitsMacédoine
65%
Être fort comme un...Turc
62%
Parler français comme une vache...Espagnole
58%
Tonnerre de...Brest
57%
Filer à...l’Anglaise
52%
Une douche à...l'Italienne
50%
C’est pas le...Pérou
50%
Le quart d'heure...Américain
46%
La douche...Écossaise
44%
Tous les chemins mènent à...Rome
41%
Avec des si on mettrait ... en bouteille !Paris
36%

Distribution des résultats

Percentile par nombre de réponses

% des personnes avec chaque résultat

Votre développement - résultats

Vous n’avez pas pris ce quiz